| 000 | 00758nam a2200181Ia 4500 | ||
|---|---|---|---|
| 008 | 090630s9999 xx 000 0 und d | ||
| 082 | _b11203 | ||
| 100 | _aडॉ. गायकवाड नरेंद्र. | ||
| 245 |
_aमराठवाडयातील दलित चळवळ. _cडॉ. गायकवाड नरेंद्र. |
||
| 260 |
_bसुगावा - पुणे. _c1983 |
||
| 300 | _a152 | ||
| 600 | _aडॉ. गायकवाड नरेंद्र. | ||
| 630 | _aमराठवाडयातील दलित चळवळ. | ||
| 655 | _aइतर. | ||
| 700 | _aडॉ. गायकवाड नरेंद्र. | ||
| 730 | _aमराठवाडयातील दलित चळवळ. | ||
| 942 | _cBOOK | ||
| 999 |
_c263059 _d263059 |
||